Rozšírenie aplikácie klient-server pre vzdialené riadenie reálnych systémov v jazyku Java
Enregistré dans:
| Auteur principal: | |
|---|---|
| Autres auteurs: | |
| Format: | Manuscrit Livre |
| Langue: | slovaque |
| Publié: |
Bratislava :
STU v Bratislave FEI,
2010
|
| Sujets: | |
| Accès en ligne: | VAIS |
| Tags: |
Pas de tags, Soyez le premier à ajouter un tag!
|
MARC
| LEADER | 00000ntm a22000003a 4500 | ||
|---|---|---|---|
| 001 | stu209051 | ||
| 005 | 20160502114206.5 | ||
| 008 | 100818s2010------------------------slo-d | ||
| 040 | |a STU |b slo | ||
| 041 | 0 | |a slo | |
| 100 | 1 | |a Folvarčík, Pavol, |d 1984- |4 aut |u E020 |U FEI Fakulta elektrotechniky a informatiky |T FEI Ústav elektroenergetiky a aplikovanej elektrotechniky |X 16529 |U E020 |Y 548 |7 A000016529 | |
| 242 | 0 | 0 | |a Extending client-server application for remote control of real systems in Java |y eng |
| 245 | 1 | |a Rozšírenie aplikácie klient-server pre vzdialené riadenie reálnych systémov v jazyku Java | |
| 260 | |a Bratislava : |b STU v Bratislave FEI, |c 2010 | ||
| 300 | |a 59 s | ||
| 650 | 7 | |a vzdialené riadenie |2 stusub | |
| 650 | 7 | |a telematika |2 stusub | |
| 650 | 7 | |a automatizácia |2 stusub | |
| 650 | 7 | |a robotika |2 stusub | |
| 650 | 7 | |a klient/server systémy |2 stusub | |
| 650 | 7 | |a Java |2 stusub | |
| 700 | 1 | |a Bisták, Pavol |4 ths |u E010 |T FEI Ústav riadenia a priemyselnej informatiky |X 3708 |U E010 |Y E010 |7 A000003708 | |
| 856 | 4 | |a info a plný text |u http://is.stuba.sk/zp/portal_zp.pl?podrobnosti=60245 |3 VAIS | |